000 00822cam a22003013a 4500
001 12200
003 PGUSA
005 20140828083246.0
008 040401s2004||||xxu|||||s|||||000 | eng d
040 _aPGUSA
_beng
042 _adc
050 4 _aPN
100 1 _aDelaumosne
245 1 0 _aDelsarte System of Oratory
_h[electronic resource] /
_cDelaumosne
260 _bProject Gutenberg,
_c2004
506 _aPublic domain in the USA.
516 _aElectronic text
653 _aDelsarte system
653 _aOratory
653 _aElocution
700 1 _aAlger, Abby Langdon
700 1 _aShaw, Frances A.
700 1 _aDelsarte, François,
_d1811-1871
700 1 _aArnaud, Angélique,
_d1799-1884
830 0 _aProject Gutenberg
_v12200
856 4 0 _uhttp://www.gutenberg.org/ebooks/12200
942 _cEB
999 _c241455
_d241455